Mammal Families - Statistics

General Stats
  • This quiz has been taken 86 times
    54 since last reset
  • The average score is 57 of 160
Answer Stats
Order Family Common names Species % Correct
Carnivora Canidae Dogs, foxes 38
92%
Carnivora Felidae Cats 41
88%
Artiodactyla Suidae Pigs 18
88%
Artiodactyla Bovidae Cows, sheep, goats, antelope 146
83%
Artiodactyla Cervidae Deer 53
83%
Carnivora Ursidae Bears 8
83%
Artiodactyla Camelidae Camels, llama, alpaca etc. 7
79%
Proboscidea Elephantidae Elephants 3
79%
Perissodactyla Equidae Horse, asses, zebras 7
79%
Artiodactyla Giraffidae Giraffes, okapi 2-9
79%
Primates Hominidae Great apes 8
75%
Perissodactyla Tapiridae Tapirs 4
75%
Didelphimorphia Didelphidae Opossums 93
71%
Primates Lemuridae True lemurs, ruffed lemurs, bamboo lemurs etc. 21
71%
Rodentia Muridae Gerbils, spiny mice, true rats and mice etc. 750
71%
Carnivora Procyonidae Raccoons, coatis, olingos etc. 14
71%
Artiodactyla Delphinidae Oceanic dolphins 37
67%
Artiodactyla Hippopotamidae Hippos 2
67%
Carnivora Mustelidae Badgers, otters, weasels etc. 66
67%
Rodentia Castoridae Beavers 2
63%
Carnivora Hyaenidae Hyenas 4
63%
Carnivora Mephitidae Skunks, stink badgers 12
63%
Carnivora Phocidae Earless seals 18
63%
Rodentia Sciuridae Squirrels 285
63%
Rodentia Caviidae Guinea pigs, cavies, maras, capybaras 23
58%
Dasyuromorphia Dasyuridae Various marsupials 71
58%
Sirenia Dugongidae Dugong 1
58%
Primates Hylobatidae Gibbons 20
58%
Carnivora Odobenidae Walrus 1
58%
Monotremata Tachyglossidae Echidnas 4
58%
Carnivora Ailuridae Red panda 1
54%
Artiodactyla Balaenidae Right whales, bowhead whale 4
54%
Diprotodontia Macropodidae Kangaroos, wallabies etc. 67
54%
Monotremata Ornithorhynchidae Platypus 1
54%
Primates Cercopithecidae Old World monkeys 138
50%
Lagomorpha Leporidae Rabbits, hares 64
50%
Macroscelidea Macroscelididae Elephant shrews 20
50%
Artiodactyla Moschidae Musk deer 7
50%
Perissodactyla Rhinocerotidae Rhinos 5
50%
Eulipotyphla Talpidae Moles 59
50%
Afrosoricida Tenrecidae Tenrecs 31
50%
Diprotodontia Vombatidae Wombats 3
50%
Artiodactyla Antilocapridae Pronghorn 1
46%
Artiodactyla Balaenopteridae Rorquals 10
46%
Pholidota Manidae Pangolins 8
46%
Artiodactyla Physeteridae Sperm whale 1
46%
Eulipotyphla Solenodontidae Solenodons 2
46%
Eulipotyphla Soricidae Shrews 385
46%
Primates Tarsiidae Tarsiers 14
46%
Primates Lorisidae Lorises, pottos, angwantibos 16
42%
Microbiotheria Microbiotheriidae Monito del monte 1
42%
Carnivora Otariidae Eared seals 15
42%
Sirenia Trichechidae Manatees 3
42%
Carnivora Viverridae Civets, genets, African linsangs etc. 36
42%
Pilosa Bradypodidae Three-toed sloths 4
38%
Rodentia Chinchillidae Chinchillas, viscachas 7
38%
Rodentia Cricetidae Hamsters, voles, New World rats and mice etc. 698
38%
Eulipotyphla Erinaceidae Hedgehogs, gymnures, moonrats 26
38%
Primates Galagidae Galagos, bush babies 23
38%
Tubulidentata Orycteropodidae Aardvark 1
38%
Artiodactyla Platanistidae South Asian river dolphins 2
38%
Hyracoidea Procaviidae Hyraxes 5
38%
Artiodactyla Tayassuidae Peccaries 3
38%
Artiodactyla Ziphidae Beaked whales 24
38%
Primates Cebidae Capuchins, squirrel monkeys 29
33%
Cingulata Dasypodidae Long-nosed armadillos 7
33%
Primates Daubentoniidae Aye-aye 1
33%
Primates Indriidae Woolly lemurs, sifakas, indri 19
33%
Primates Lepilemuridae Sportive lemurs 26
33%
Artiodactyla Monodontidae Narwhal, beluga whale 2
33%
Pilosa Myrmecophagidae Anteaters 3
33%
Notoryctemorphia Notoryctidae Marsupial moles 2
33%
Chiroptera Vespertilionidae Vesper bats 512
33%
Afrosoricida Chrysochloridae Golden moles 21
29%
Pilosa Cyclopedidae Silky anteater 1
29%
Dermoptera Cynocephalidae Colugos 2
29%
Carnivora Herpestidae Mongooses 35
29%
Artiodactyla Iniidae Amazon river dolphin 1
29%
Artiodactyla Kogiidae Lesser sperm whales 2
29%
Lagomorpha Ochotonidae Pikas 29
29%
Peramelemorphia Peramelidae Bandicoots 18
29%
Diprotodontia Phalangeridae Cuscuses, brushtail possums etc. 28
29%
Diprotodontia Phascolarctidae Koala 1
29%
Artiodactyla Phocoenidae Porpoises 8
29%
Artiodactyla Tragulidae Chevrotains 10
29%
Rodentia Anomaluridae Scaly-tailed squirrels 6
25%
Primates Aotidae Night monkeys 11
25%
Primates Atelidae Howler monkeys, woolly monkeys, spider monkeys 26
25%
Primates Callitrichidae Marmosets, tamarins 51
25%
Cingulata Chlamyphoridae Armadillos 13
25%
Pilosa Choloepodidae Two-toed sloths 2
25%
Rodentia Dasyproctidae Agoutis, acouchis 13
25%
Rodentia Erethizontidae New World porcupines 19
25%
Carnivora Eupleridae Malagasy mongooses 10
25%
Artiodactyla Lipotidae Chinese river dolphin 1
25%
Rodentia Nesomyidae Various mice and rats 67
25%
Rodentia Octodontidae Degus, rock rats, viscacha rats etc. 15
25%
Primates Pitheciidae Titis, sakis, uakaris 60
25%
Chiroptera Pteropodidae Fruit bats 197
25%
Scandentia Tupaiidae Treeshrews 22
25%
Rodentia Abrocomidae Chinchilla rats 10
21%
Rodentia Aplodontiidae Mountain beaver 1
21%
Rodentia Bathyergidae Mole-rats 22
21%
Paucituberculata Caenolestidae Shrew opossums 7
21%
Artiodactyla Cetotheriidae Pygmy right whale 1
21%
Primates Cheirogaleidae Dwarf lemurs, mouse lemurs 42
21%
Rodentia Ctenodactylidae Gundis 5
21%
Rodentia Cuniculidae Pacas 2
21%
Rodentia Diatomyidae Laotian rock rat 1
21%
Rodentia Dinomyidae Pacarana 1
21%
Rodentia Dipodidae Jerboas 33
21%
Rodentia Geomyidae Pocket gophers 41
21%
Rodentia Hystricidae Old World porcupines 11
21%
Carnivora Nandiniidae African palm civet 1
21%
Rodentia Pedetidae Springhares 2
21%
Rodentia Petromuridae Dassie rat 1
21%
Chiroptera Phyllostomidae New World leaf-nosed bats 192
21%
Afrosoricida Potamogalidae Otter shrews 3
21%
Diprotodontia Potoroidae Potoroos, bettongs etc. 8
21%
Scandentia Ptilocercidae Pen-tailed treeshrew 1
21%
Chiroptera Rhinolophidae Horseshoe bats 106
21%
Rodentia Spalacidae Mole-rats, bamboo rats, zokors 36
21%
Rodentia Thryonomyidae Cane rats 2
21%
Rodentia Zenkerellidae Cameroon scaly-tail 1
21%
Rodentia Ctenomyidae Tuco-tucos 66
17%
Rodentia Echimyidae Spiny rats, tree-rats, hutias etc. 108
17%
Rodentia Gliridae Dormice 30
17%
Rodentia Heterocephalidae Naked mole-rat 1
17%
Rodentia Heteromyidae Kangaroo rats, pocket mice etc. 63
17%
Chiroptera Hipposideridae Old World leaf-nosed bats 84
17%
Diprotodontia Hypsiprymnodontidae Musky rat-kangaroo 1
17%
Chiroptera Molossidae Free-tailed bats 126
17%
Dasyuromorphia Myrmecobiidae Numbat 1
17%
Chiroptera Mystacinidae New Zealand short-tailed bats 2
17%
Chiroptera Nycteridae Slit-faced bats 15
17%
Diprotodontia Petauridae Trioks, wrist-winged gliders etc. 13
17%
Artiodactyla Pontoporiidae La Plata dolphin 1
17%
Carnivora Prionodontidae Asiatic linsangs 2
17%
Rodentia Zapodidae Jumping mice 11
17%
Diprotodontia Acrobatidae Feathertail glider, feather-tailed possum 2
13%
Diprotodontia Burramyidae Pygmy possums 5
13%
Rodentia Calomyscidae Mouse-like hamsters 8
13%
Chiroptera Cistugidae Wing-gland bats 2
13%
Chiroptera Craseonycteridae Kitti's hog-nosed bat 1
13%
Chiroptera Emballonuridae Sheath tailed bats, sac-winged bats etc. 54
13%
Chiroptera Furipteridae Smoky bat, thumbless bat 2
13%
Chiroptera Megadermatidae False vampire bats 6
13%
Chiroptera Miniopteridae Long-winged bats 40
13%
Chiroptera Myzopodidae Sucker-footed bats 2
13%
Chiroptera Natalidae Funnel-eared bats 10
13%
Chiroptera Noctilionidae Bulldog bats 2
13%
Rodentia Platacanthomyidae Spiny dormice, pygmy dormice 3
13%
Diprotodontia Pseudocheiridae Ringtail possums etc. 18
13%
Chiroptera Rhinopomatidae Mouse-tailed bats 6
13%
Rodentia Sminthidae Birch mice 19
13%
Diprotodontia Tarsipedidae Honey possum 1
13%
Peramelemorphia Thylacomyidae Bilby 1
13%
Chiroptera Thyropteridae Disk-winged bats 5
13%
Chiroptera Mormoopidae Mustached bats, ghost-faced bats, naked-backed bats 10
8%
Chiroptera Rhinonycteridae Trident bats 9
8%
No matching quizzes found
Score Distribution
Percent of People with Each Score
Percentile by Number Answered
Your Score History
You have not taken this quiz since the last reset